Penguin dictionary of quotations (Record no. 23132)

MARC details
000 -LEADER
fixed length control field 00259nam a2200109Ia 4500
082 ## - DEWEY DECIMAL CLASSIFICATION NUMBER
Classification number RR 808.88203 COH-P
100 ## - MAIN ENTRY--AUTHOR NAME
Personal name Cohen, M.L;.
245 #0 - TITLE STATEMENT
Title Penguin dictionary of quotations
260 ## - PUBLICATION, DISTRIBUTION, ETC. (IMPRINT)
Place of publication Middlesex
Name of publisher Penguin Books
Year of publication 1960
300 ## - PHYSICAL DESCRIPTION
Number of Pages vi,663p.
942 ## - ADDED ENTRY ELEMENTS (KOHA)
Koha item type Books
Holdings
Withdrawn status Lost status Damaged status Not for loan Home library Current library Date acquired Bill Date Full call number Accession Number Price effective from Koha item type
        NASSDOC Library NASSDOC Library 08/06/2004 2004-10-22 RR 808.88203 COH-P 15408 24/04/2019 Books